| 000 | 01278cam a2200301 a 4500 | ||
|---|---|---|---|
| 001 | 3999250 | ||
| 005 | 20020817203452.0 | ||
| 008 | 960812s1997 nyua b 001 0 eng | ||
| 010 | _a 96034530 | ||
| 020 | _a0471168416 (cloth : acidfree paper) | ||
| 040 |
_aDLC _cDLC _dDLC |
||
| 050 | 0 | 0 |
_aTK7871.65 _b.K57 1997 |
| 082 | 0 | 0 |
_a621.381331 _220 _bKOU |
| 100 | 1 |
_aKoul, Shiban K. _96625 |
|
| 245 | 1 | 0 |
_aMillimeter wave and optical dielectric integrated guides and circuits/ _cShiban K. Koul. |
| 260 |
_aNew York : _bWiley, _cc1997. |
||
| 300 |
_axx, 563 p. : _bill. ; _c25 cm. |
||
| 440 | 0 |
_aWiley series in microwave and optical engineering _96626 |
|
| 500 | _a"A Wiley-Interscience publication." | ||
| 504 | _aIncludes bibliographical references and index. | ||
| 650 | 0 |
_aDielectric wave guides. _96627 |
|
| 650 | 0 |
_aMillimeter wave devices. _96628 |
|
| 650 | 0 |
_aIntegrated optics. _96629 |
|
| 856 | 4 | 1 |
_3Table of contents _uhttp://www.loc.gov/catdir/toc/wiley022/96034530.html |
| 942 |
_2ddc _cBB |
||
| 999 |
_c11944 _d11944 |
||